000 00267nam a2200097Ia 4500
008 190216s9999||||xx |||||||||||||| ||und||
100 _aNagarajan K
245 0 _aVirus Diseas Of Potato In India And Their Central
260 _bIndian Council Og Agri Research
942 _cBK
999 _c1230
_d1230